Australian T20I Cricketers - Statistics

General Stats
  • This quiz has been taken 64 times
    22 since last reset
  • The average score is 59 of 111
Answer Stats
Cap Answer % Correct
82 Adam Zampa
100%
32 David Warner
100%
59 Mitchell Starc
100%
43 Steve Smith
100%
49 Aaron Finch
94%
58 Glenn Maxwell
94%
62 Josh Hazlewood
94%
54 Mitchell Marsh
94%
51 Pat Cummins
94%
10 Ricky Ponting
94%
89 Alex Carey
89%
7 Brett Lee
89%
101 Cameron Green
89%
99 Josh Inglis
89%
24 Mitchell Johnson
89%
30 Shaun Marsh
89%
75 Travis Head
89%
108 Chris Green
83%
9 Glenn McGrath
83%
74 Marcus Stoinis
83%
77 Nathan Lyon
83%
15 Stuart Clark
83%
80 Usman Khawaja
83%
87 Jhye Richardson
78%
71 Kane Richardson
78%
102 Marnus Labuschagne
78%
1 Michael Clarke
78%
19 Shane Watson
78%
105 Spencer Johnson
78%
2 Adam Gilchrist
72%
29 David Hussey
72%
53 Matthew Wade
72%
4 Michael Hussey
72%
70 Phillip Hughes
72%
103 Tim David
72%
11 Andrew Symonds
67%
21 Ben Hilfenhaus
67%
16 Brad Haddin
67%
110 Jake Fraser-McGurk
67%
57 James Faulkner
67%
13 Matthew Hayden
67%
76 Scott Boland
67%
41 Tim Paine
67%
83 Ashton Agar
56%
23 Brad Hodge
56%
18 Brad Hogg
56%
111 Cooper Connolly
56%
55 George Bailey
56%
34 Moises Henriques
56%
98 Nathan Ellis
56%
35 Peter Siddle
56%
109 Xavier Bartlett
56%
100 Ben Dwarshuis
50%
48 Clint McKay
50%
90 D'Arcy Short
50%
52 James Pattinson
50%
88 Jason Behrendorff
50%
12 Jason Gillespie
50%
107 Matthew Short
50%
45 Ryan Harris
50%
56 Xavier Doherty
50%
78 Andrew Tye
44%
93 Ben McDermott
44%
50 Doug Bollinger
44%
39 Marcus North
44%
61 Nathan Coulter-Nile
44%
94 Peter Handscomb
44%
81 Peter Nevill
44%
106 Tanveer Sangha
44%
86 Ashton Turner
39%
22 Cameron White
39%
8 Damien Martyn
39%
47 John Hastings
39%
96 Josh Philippe
39%
91 Mitchell Swepson
39%
46 Steve O'Keefe
39%
104 Aaron Hardie
33%
79 Cameron Bancroft
33%
66 Chris Lynn
33%
40 Dirk Nannes
33%
5 Michael Kasprowicz
33%
14 Nathan Bracken
33%
68 Sean Abbott
33%
28 Adam Voges
28%
60 Ben Cutting
28%
37 Ben Laughlin
28%
3 James Hopes
28%
65 Nic Maddinson
28%
6 Simon Katich
28%
72 Ben Dunk
22%
85 Billy Stanlake
22%
33 Callum Ferguson
22%
69 Cameron Boyce
22%
44 Daniel Christian
22%
64 Fawad Ahmed
22%
26 Luke Pomersbach
22%
84 Michael Klinger
22%
97 Riley Meredith
22%
63 Ben Rohrer
17%
95 Daniel Sams
17%
67 James Muirhead
17%
17 Mick Lewis
17%
73 Nathan Reardon
17%
42 Travis Birt
17%
25 Ashley Noffke
11%
36 Brett Geeves
11%
92 Jack Wildermuth
11%
31 Luke Ronchi
11%
20 Shane Harwood
11%
27 ShaunTait
11%
38 Nathan Kauritz
0%
No matching quizzes found
Score Distribution
Percent of People with Each Score
Percentile by Number Answered
Your Score History
You have not taken this quiz since the last reset